000 01491nam a2200361Ia 4500
001 ebr10064408
003 CaPaEBR
006 m u
007 cr cn|||||||||
008 040120s2004 nyu sb 000 0 eng d
020 _z9781846424281
020 _z1843101718
040 _aCaPaEBR
_cCaPaEBR
035 _a(OCoLC)567903602
050 1 4 _aRJ506.A9
_bJ325 2004eb
082 0 4 _a649/.154
_222
100 1 _aJackson, Jacqui.
245 1 0 _aMulticoloured mayhem
_h[electronic resource] :
_bparenting the many shades of adolescents and children with autism, Asperger syndrome, and AD/HD /
_cJacqui Jackson.
260 _aNew York ;
_aLondon :
_bJessica Kingsley Publishers,
_c2004.
300 _a256 p.
504 _aIncludes bibliographical references.
533 _aElectronic reproduction.
_bPalo Alto, Calif. :
_cebrary,
_d2009.
_nAvailable via World Wide Web.
_nAccess may be limited to ebrary affiliated libraries.
650 0 _aAsperger's syndrome
_xPatients
_xFamily relationships.
650 0 _aAttention-deficit-disordered children
_xCare.
650 0 _aAutistic children
_xCare.
650 0 _aAutistic children
_xFamily relationships.
650 0 _aDevelopmentally disabled children
_xCare.
650 0 _aParenting.
650 0 _aParents of autistic children.
655 7 _aElectronic books.
_2local
710 2 _aebrary, Inc.
856 4 0 _uhttp://site.ebrary.com/lib/rucke/Doc?id=10064408
_zAn electronic book accessible through the World Wide Web; click to view
999 _c48067
_d48067